| 000 | 01260 a2200277 4500 | ||
|---|---|---|---|
| 003 | Nust | ||
| 005 | 20220819114418.0 | ||
| 010 | _a 2004057601 | ||
| 020 | _a038723070X (alk. paper) | ||
| 020 | _a0387230726 (e-book) | ||
| 040 | _cNust | ||
| 082 | 0 | 0 | _a621.38456,EME |
| 245 | 0 | 0 |
_aEmerging location aware broadband wireless ad hoc networks / _cedited by Rajamani Ganesh ... [et al.]. |
| 260 |
_aNew York, NY : _bSpringer, _cc2005. |
||
| 300 |
_axiii, 329 p. : _bill. ; _c24 cm. |
||
| 505 | _aTrends in Wireless Networks (Page-3), Wireless LANs and Adhoc Networks (Page-109), Mobile Wireless Internet and Satellite Applications (Page-189), Encoding, Algorithms and Performance (Page-263). | ||
| 650 | 0 |
_aBroadband communication systems. _93503 |
|
| 650 | 0 |
_aCellular telephone systems. _994584 |
|
| 650 | 0 |
_aRadio direction finders. _998245 |
|
| 650 | 0 | _aTelecommunication engineering | |
| 700 | 1 |
_aGanesh, Rajamani. _997887 |
|
| 856 | 4 | 1 |
_3Contributor biographical information _uhttp://www.loc.gov/catdir/enhancements/fy0823/2004057601-b.html |
| 856 | 4 | 1 |
_3Publisher description _uhttp://www.loc.gov/catdir/enhancements/fy0823/2004057601-d.html |
| 856 | 4 | 1 |
_3Table of contents _uhttp://www.loc.gov/catdir/toc/fy054/2004057601.html |
| 942 |
_cREF _2ddc |
||
| 999 |
_c176095 _d176095 |
||